Cải cách giáo dục ở các nước phát triển - Cải cách giáo dục ở Mỹ. t.IV /
Gespeichert in:
| Weitere Verfasser: | |
|---|---|
| Format: | Sách giấy |
| Sprache: | Vietnamese |
| Veröffentlicht: |
H. :
Giáo dục Việt Nam,
2010.
|
| Schlagworte: | |
| Tags: |
Tag hinzufügen
Keine Tags, Fügen Sie den ersten Tag hinzu!
|
| Thư viện lưu trữ: | Thư viện Trường Đại học Đà Lạt |
|---|
| LEADER | 00848nam a2200313 4500 | ||
|---|---|---|---|
| 001 | DLU110123664 | ||
| 005 | ##20110809 | ||
| 040 | # | # | |a DLU |b vie |
| 041 | # | # | |a vie |
| 044 | # | # | |a vn |
| 082 | # | # | |a 379.73 |b Cai |
| 245 | # | # | |a Cải cách giáo dục ở các nước phát triển - Cải cách giáo dục ở Mỹ. |n t.IV / |c Lê Xuân Khải dịch. |
| 260 | # | # | |a H. : |b Giáo dục Việt Nam, |c 2010. |
| 300 | # | # | |a 471 tr. ; |c 24 cm. |
| 650 | # | # | |a Cải cách giáo dục |x Nghiên cứu trường hợp. |
| 650 | # | # | |a Giáo dục |z Hoa Kỳ. |
| 700 | # | # | |a Lê Xuân Khải, |e dịch. |
| 923 | # | # | |a 09/2011 |
| 990 | # | # | |a t.IV |
| 991 | # | # | |a SH |
| 992 | # | # | |a 250000 |
| 994 | # | # | |a DLU |
| 900 | # | # | |a True |
| 911 | # | # | |a Đào Thị Thu Huyền |
| 925 | # | # | |a G |
| 926 | # | # | |a A |
| 927 | # | # | |a SH |
| 980 | # | # | |a Thư viện Trường Đại học Đà Lạt |